000 00454nam a22001457a 4500
003 OSt
005 20240425114713.0
008 240425b |||||||| |||| 00| 0 eng d
040 _cMRSPTU
100 _aVivekananda, Swami (विवेकानन्द, स्वामी)
245 _aPrachya Aur Pashchay (प्राच्य और पाच्यात्य)
260 _aNagpur
_bRam Krishan Muth
_c2017
300 _a84
942 _2ddc
_cBK
_n0
999 _c10135
_d10135